Statystyki dla Kraje Skandynawskie

Kliknij tutaj aby rozwiązać quiz!

Ogólne statystyki

  • Ten quiz został rozwiązany 23 razy
  • Średni wynik to 6 z 8

Statystyki odpowiedzi

Odpowiedź% Poprawnych
PaństwoDania
100%
PaństwoFinlandia
100%
PaństwoNorwegia
100%
PaństwoSzwecja
100%
PaństwoIslandia
90%
Terytorium zależneWyspy Owcze
65%
Terytorium zależneGrenlandia
60%
Terytorium zależneWyspy Alandzkie
15%

Rozkład punktacji

Percentyl według liczby udzielonych odpowiedzi

Procent ludzi z każdym wynikiem

Twoja historia wyników

Nie rozwiązałeś tego quizu